000 00887nam a2200253 i 4500
001 bg
245 0 _aWybory do Parlamentu Europejskiego w badaniach społecznych /
_cUrząd Komitetu Integracji Europejskiej. Departament Analiz Ekonomicznych i Społwcznych.
260 _aWarszawa :
_bUKIE,
_c2004.
300 _a88, [1] s. :
_bwykr. kolor. ;
_c24 cm.
490 1 _aBiblioteka Europejska ;
_v33
504 _aBibliogr. przy pracach.
650 9 _aWybory do Parlamentu Europejskiego
650 9 _aParlament Europejski
650 9 _aOpinia publiczna
_zPolska
_yod 2001 r.
710 0 _aUrząd Komitetu Integracji Europejskiej
830 _aBiblioteka Europejska ;
020 _a8389972328
040 _cBPK
041 0 _apol
080 _a324:328](4-67):[303.4/.8:316.65](438)"2001/..."
920 _a83-89972-32-8
942 _cKS
008 s pl f |000 0 pol
999 _c46117
_d46117
856 _uhttp://koha.tu.koszalin.pl/cgi-bin/koha/opac-detail.pl?biblionumber=46117
_yKatalog online BPK